Quizzes
Events
Quiz Creation
Community
Videos
Private Events
Remove Ads
Sign In
Join for FREE
Feedback
Dark Mode
Quiz Categories
Sports
Geography
Music
Movies
Television
Just For Fun
Miscellaneous
History
Literature
Language
Science
Gaming
Entertainment
Religion
Holiday
For Kids
Quiz Lab
Recent
Popular Today
Quiz Kudos Today
Editor Picks
Curator Picks
Quizzes by...
Day
Popularity
Type
Ratings
Length
Year
Community
Subscriptions
Recent Discussions
Orange Saloon
Badges
Playlists
Quests
Create
Leaderboards
Showdown
Live 5
Trivia Bingo
Activity
Puzzle Library
Sporcle Events
Private Events
Virtual Trivia
Globe League
Become a Host
Pub Owners
SporcleCon
Opinionation
Our Games
Videos
Blog
Mobile Apps
Partnerships
Remove Ads and Go Orange
Feedback
Sports
Athletes
MLB
NBA
NHL
NFL
Soccer
Sports Teams
WWE
NCAA
Football
Premier League
Basketball
Baseball
Hockey
Golf
Tennis
Cricket
Rugby
Auto Racing
Olympics
World Cup
Sports
Athletes
MLB
NBA
NHL
NFL
Soccer
Sports Teams
WWE
NCAA
Football
Premier League
Basketball
Baseball
Hockey
Golf
Tennis
Cricket
Rugby
Auto Racing
Olympics
World Cup
Random Quiz
Search Sporcle
×
Curator Pick
Curator Pick
Sports
Auto Racing
Click on answers out of a set of options
Click on answers out of a set of options
Multiple Choice
Best Score? Go Orange.
Country–Person Match : Formula 1 Stats
Can you match the country with a person from the given country?
By
robalem
6m
25 Questions
541 Plays
541 Plays
541 Plays
Comments
Comments
Give Quiz Kudos
Give Quiz Kudos
-
- Ratings
hide this ad
Random Order
Randomize order of answers
Randomize order of answers
Replay
Link that replays current quiz
Next Quiz
Link to next quiz in quiz playlist
You Got
0%
They Got
Avg Score
52%
Avg Friend Score
Upgrade to see
Score Distribution
Jump to the score distribution portion of the page
Score
0/25
Timer
06:00
0
Plays Today
Question
Answer
Wrong Answers
Mexico
Esteban Gutiérrez
83.2%
Norberto Fontana
4.1%
Alfonso de Portago
3.9%
Oscar Laurrari
2.4%
Finland
Mika Salo
82.3%
Marcus Ericsson
4.3%
Nicolas Kiesa
3.7%
Reine Wisell
2.2%
Venezuela
Pastor Maldonado
81.3%
Pedro Rodriguez
3.5%
Tiago Monteiro
3.7%
Esteban Tuero
3.5%
Spain
Marc Gene
65.8%
Gaston Mazzacane
5%
José Froilán González
11.8%
Roberto Guerrero
10.4%
Chile
Eliseo Salazar
64.7%
Juan Pablo Montoya
8.1%
Hector Rebaque
11.8%
Carlos Menditeguy
7.8%
Indonesia
Rio Haryanto
63.4%
Prince Bira
5.2%
Karun Chandhok
8.5%
Alex Yoong
16.1%
Ireland
Ralph Firman
62.5%
Brendon Hartley
5.9%
Allan McNish
18.3%
Brett Lunger
5.9%
Portugal
Pedro Lamy
60.6%
Roberto Merhi
6.8%
Ricardo Zunino
11.5%
Pedro de la Rosa
13.7%
Brazil
Antonio Pizzonia
58%
Vittorio Brambilla
12.8%
Gabriele Tarquini
9.8%
Moisés Solana
11.5%
New Zealand
Mike Thackwell
57.1%
Frank Gardner
11.1%
Rodger Ward
9.8%
Peter Collins
15%
Italy
Arturo Merzario
54.7%
Clay Regazzoni
21.1%
Erik Comas
5.9%
Henri Pescarolo
10.7%
Monaco
Louis Chiron
54.3%
Maurice Trintignant
8.5%
Jules Bianchi
26.2%
Jean Behra
3.5%
Germany
Stefan Bellof
51.8%
Marc Surer
5.5%
Karl Wendlinger
23.8%
Rikky von Opel
11.1%
Switzerland
Jean-Denis Délétraz
48.8%
Sébastien Bourdais
20.7%
Patrick Friesacher
17%
Andrea de Adamich
5.7%
Argentina
Onofre Marimón
48.6%
Luis Perez-Sala
29%
Sergio Pérez
6.5%
Jaime Alguersuari
7.8%
Sweden
Jo Bonnier
47.9%
JJ Lehto
12.6%
Tom Belsø
19.8%
Tomas Enge
14%
Australia
Tim Schenken
45.7%
Howden Ganley
17.9%
Masten Gregory
9.8%
Bob Anderson
19%
Canada
George Eaton
44.9%
Guy Ligier
14.8%
Chris Amon
11.3%
Larry Perkins
20.7%
France
Philippe Streiff
42.9%
Piers Courage
13.3%
Gilles Villeneuve
6.8%
Lucien Bianchi
30.5%
United States of America
Harry Schell
37.7%
Mike Hailwood
17%
Peter Gethin
20%
Dave Walker
18.1%
Belgium
Olivier Gendebien
36.8%
Carel Godin de Beaufort
20.5%
Eric Bernard
20.3%
Yannick Dalmas
15.3%
The Netherlands
Huub Rothengatter
35.3%
Rolf Stommelen
9.6%
Peter de Klerk
14.4%
Eric van de Poele
33.3%
Austria
Jo Gartner
32.9%
Jochen Mass
25.3%
Wolfgang von Trips
14.2%
Rudi Fischer
20.5%
United Kingdom
Roy Salvadori
32.5%
Derek Daly
27.4%
Peter Revson
13.9%
Mark Donohue
18.9%
South Africa
Tony Maggs
29.8%
Roelof Wunderink
23.8%
John Love
17.2%
Tom Pryce
21.8%
Quiz Playlist
Details
Report
Send in Message
Add To Playlist
Multiple Choice:
Click on answers out of a set of options
Random Order:
Randomize order of answers
Last Updated: Jan 13, 2022
Curator Pick in
Auto Racing
Quiz Scoreboard
CHALLENGE
Sign Up to Join the Scoreboard
Show All
Scores
Hide
Comments
May contain spoilers
Recently Published
Presidents Visiting Landmarks
by Hejman
History
7m
An Introduction to Baseball
by treessimontrees
Sports
5m
Movies - When Are They Set?
by FPL_Elf
Movies
5m
More to Explore
Quiz From the Vault
Featured Blog Post
Where Did the Easter Bunny Come From?
hide this ad
You Might Also Like...
Tags
Auto Racing Quiz
Country Quiz
F1 Drivers
Formula 1
Formula One
Match-Up
Matching
Multiple Choice
Today's Top Quizzes in Sports
Browse Sports
hide this ad
Today's Top Quizzes in Auto Racing
Browse Auto Racing
Top Contributed Quizzes in Sports
1
Les meilleurs buteurs des matchs entre le PSG et l’OM
2
2022 World Cup Stars
3
FIFA Club World Cup Champions
4
Les entraîneurs de l'OM et du PSG au 21e siècle
5
Name the Premier League winners with different clubs
6
La finale Lions - Afrique du Sud 2021
7
5-to-1: UK Sports Teams
8
England Test cricketers to play under Nasser Hussain
9
Players with Multiple 50 Home Run Seasons
10
AFC Teams Reveal (Wrong Answers Minefield)
Explore More
Trending Topics
Harry Potter
Disney
Marvel
Anime
Crossword
NBA
Kpop
Soccer
Puzzle
WWE
Song
NFL
Pokémon
The Office
Country
hide this ad
More By:
robalem
Quiz
Plays
Rating
Category
Featured
Created
F1 Hot Lap - Monaco
53,546
4.47
Sports
May 21, 2018
F1 Circuits Seen From Space
25,650
4.82
Sports
Jan 19, 2018
US Presidents Silhouettes
12,780
4.56
History
Jan 13, 2022
Liverpool Squad Nationalities
11,291
4.27
Sports
Nov 12, 2018
F1 Champions Crossword
9,991
5.00
Sports
May 28, 2019
Go to Creator's Profile
Score Distribution
Quiz Creator Spotlight
robalem
Follow
Send a Message
Quizzes Created
-
Created Quiz Play Count
-
More By This Creator
Popular Quizzes Today
1
Find the US States - No Outlines Minefield
2
Find the Countries of Europe - No Outlines Minefield
3
The Countries of the World
4
Find the US States
5
Popular People in 1961
6
US States
7
Risky Map Clicking: Biggest States A-Z
8
Movies - When Are They Set?
More Sports Quizzes
Cincinnati Reds World Series Opponents
Quiz Lab
Trending Quizzes
Risky Map Clicking: Least Populous States A-Z
1-10 Letter G Words
1-10 Letter F Words
Risky Map Clicking: Next State Alphabetically
Risky Map Clicking: Biggest States A-Z
Recently Updated
Leaping Animals
pecheneg
Reality TV Shows (A-Z)
bhenderson79
Rickey Henderson's Hall of Fame Teammates
pecheneg
Champions League XIs: Arsenal
pecheneg
Quick Pick: Celebrities in WWE's Hall of Fame
aduchscher
A-Z Keypad Blitz II
pecheneg
Multiple Oscar Actors
pecheneg
Mystery Phrase Blitz: Oscar 'Best Actors'
pecheneg
F. Scott Fitzgerald Novels
LTH
Pick 3 Villains
ddd62291
Trending Topics
Anime
Marvel
Disney
NBA
Crossword
Kpop
Harry Potter
Puzzle
Song
The Office
Country
Soccer
NFL
WWE
Pokémon
Your Account Isn't Verified!
In order to create a playlist on Sporcle, you need to verify the email address you used during registration. Go to your
Sporcle Settings
to finish the process.
Report this User
Report this user for behavior that violates our
Community Guidelines
.
Details:
Send Report
Go to the Sporcle.com Mobile Site →
Comments